000 00478nam a2200181Ia 4500
005 20250326124848.0
008 250326s9999 xx 000 0 und d
037 _aTextbook
040 _aFMSL
_beng
_cFMSL
041 _aeng
_2eng
084 _aX:8D L72
_qFMSL
100 _aMohsin M
245 0 _aFiacial planning and conrol
_cMohsin M
260 _aNew Delhi
_bNew Delhi, Vikas
_c1977
300 _a280p
942 _cTB
_hX:8D L72
999 _c1275546
_d1275546